Renesančné auto
Príbeh chudobného chlapca z argentínskeho mestečka, ktorý túžil vyrábať najlepšie športové autá sveta. Horacio Pagani je zakladateľom a majiteľom Pagani Mobili, vyrába ročne 20 najšpičkovejších superšportových automobilov. Každý je originál, vyrábaný ručne. Paganiho zaujíma dokonalosť auta v každom...
Saved in:
| Main Author: | |
|---|---|
| Other Authors: | |
| Format: | Book Chapter |
| Language: | Slovak |
| Subjects: | |
| Tags: |
No Tags, Be the first to tag this record!
|
MARC
| LEADER | 00000naa a2200000 4500 | ||
|---|---|---|---|
| 001 | 0184509 | ||
| 005 | 20231013090920.3 | ||
| 041 | 0 | |a slo | |
| 044 | |a SK | ||
| 245 | 1 | 0 | |a Renesančné auto |c Juraj Porubský, Horacio Pagani |
| 520 | |a Príbeh chudobného chlapca z argentínskeho mestečka, ktorý túžil vyrábať najlepšie športové autá sveta. Horacio Pagani je zakladateľom a majiteľom Pagani Mobili, vyrába ročne 20 najšpičkovejších superšportových automobilov. Každý je originál, vyrábaný ručne. Paganiho zaujíma dokonalosť auta v každom detaile. Jeho najväčšia inšpirácia je idea Leonarda da Vinciho spojiť umenie a vedu. | ||
| 610 | 2 | 0 | |a priemysel automobilový |
| 610 | 2 | 0 | |a automobily |
| 610 | 2 | 0 | |a šport |
| 610 | 2 | 0 | |a výroba |
| 610 | 2 | 0 | |a technológie nové |
| 610 | 2 | 0 | |a firmy |
| 610 | 2 | 0 | |a manažéri |
| 610 | 2 | 0 | |a podnikanie |
| 610 | 2 | 0 | |a Taliansko |
| 100 | 1 | |a Porubský, Juraj | |
| 700 | 1 | |a Pagani, Horacio | |